[Event "TCh-FRA Top 12 2016"]
[Site "Drancy FRA"]
[Date "2016.05.28"]
[Round "1.3"]
[Board "4"]
[White "Velten, Paul"]
[Black "Kveinys, Aloyzas"]
[Result "1-0"]
[WhiteTitle "IM"]
[BlackTitle "GM"]
[WhiteElo "2469"]
[BlackElo "2539"]
[WhiteTeam "L'Echiquier Chalonnais, CHALONS-EN-CHAMPAGNE"]
[BlackTeam "Les Tours de Haute Picardie, SAINT QUENTIN"]
[WhiteFideId "681091"]
[BlackFideId "12800040"]
[EventDate "2016.05.28"]

1. d4 Nf6 2. Nf3 d5 3. c4 dxc4 4. Nc3 Bg4 5. e4 e6 6. Bxc4 a6 7. Be3 Nc6 8. e5
Nd5 9. Nxd5 exd5 10. Bd3 Bb4+ 11. Kf1 Qd7 12. Qc2 Ba5 13. h3 Nb4 14. Qb3 Bxf3
15. gxf3 Nxd3 16. Qxd3 Qb5 17. Qe2 Kd7 18. Rg1 g6 19. Bh6 Rhe8 20. Rd1 Bb6 21.
Rd3 a5 22. h4 a4 23. h5 Re6 24. Be3 Rae8 25. hxg6 hxg6 26. Rh1 Kc8 27. Ra3 Qb4
28. Qd1 f6 29. f4 fxe5 30. fxe5 Qxb2 31. Qxa4 Qb1+ 32. Kg2 Qf5 33. Rh7 R6e7 34.
Qxe8+ 1-0

[Event "TCh-FRA Top 12 2016"]
[Site "Drancy FRA"]
[Date "2016.05.28"]
[Round "1.3"]
[Board "5"]
[White "Degraeve, Jean-Marc"]
[Black "Anic, Darko"]
[Result "1-0"]
[WhiteTitle "GM"]
[BlackTitle "GM"]
[WhiteElo "2561"]
[BlackElo "2381"]
[WhiteTeam "Les Tours de Haute Picardie, SAINT QUENTIN"]
[BlackTeam "L'Echiquier Chalonnais, CHALONS-EN-CHAMPAGNE"]
[WhiteFideId "600270"]
[BlackFideId "602612"]
[EventDate "2016.05.28"]

1. d4 d5 2. c4 e6 3. Nf3 Nd7 4. cxd5 exd5 5. Bf4 c6 6. e3 Ndf6 7. Qc2 Ne7 8. Bd3
g6 9. Nc3 Bf5 10. O-O Bxd3 11. Qxd3 Nf5 12. Bg5 Be7 13. b4 a6 14. a4 Nd7 15.
Bxe7 Qxe7 16. b5 axb5 17. axb5 O-O 18. bxc6 bxc6 19. Ra6 Rfc8 20. Rfa1 Qd8 21.
Qd1 Nd6 22. Nxd5 Rxa6 23. Rxa6 Nb8 24. Nb4 Nxa6 25. Nxa6 Ne4 26. Qd3 Qa5 27. g3
Qa1+ 28. Qf1 Qxf1+ 29. Kxf1 Ra8 30. Nb4 c5 31. dxc5 Nxc5 32. Ne5 Ne4 33. Ke2 Ra4
34. Ned3 g5 35. Kf3 Nf6 36. e4 Kg7 37. e5 Nd7 38. Ke4 Kg6 39. Kd5 Kf5 40. Kd6
Nxe5 41. Nxe5 Rxb4 42. g4+ Kf6 1-0

[Event "TCh-FRA Top 12 2016"]
[Site "Drancy FRA"]
[Date "2016.05.28"]
[Round "1.3"]
[Board "6"]
[White "Favarel, Antoine"]
[Black "Marcelin, Cyril"]
[Result "1-0"]
[WhiteTitle "FM"]
[BlackTitle "GM"]
[WhiteElo "2348"]
[BlackElo "2477"]
[WhiteTeam "L'Echiquier Chalonnais, CHALONS-EN-CHAMPAGNE"]
[BlackTeam "Les Tours de Haute Picardie, SAINT QUENTIN"]
[WhiteFideId "642371"]
[BlackFideId "607274"]
[EventDate "2016.05.28"]

1. e4 e5 2. Nf3 Nc6 3. Bc4 Nf6 4. d3 Be7 5. O-O O-O 6. a4 h6 7. a5 a6 8. c3 d6
9. h3 Nd7 10. Re1 Bf6 11. Nbd2 Ne7 12. Nf1 Ng6 13. Ng3 Nc5 14. d4 Ne6 15. Nf5
Nef4 16. Bf1 d5 17. dxe5 dxe4 18. Bxf4 exf3 19. Qxf3 Bg5 20. Rad1 Bxf4 21. Rxd8
Rxd8 22. Ne7+ Nxe7 23. Qxf4 Be6 24. Bc4 Nc6 25. Bxe6 fxe6 26. Qg4 Re8 27. Rd1
Re7 28. f4 Nxa5 29. Rd3 Nc6 30. Qd1 Rf8 31. Rd7 Rff7 32. Rxe7 Rxe7 33. Qb3 Nd8
34. f5 Kf7 35. Qd1 1-0

[Event "TCh-FRA Top 12 2016"]
[Site "Drancy FRA"]
[Date "2016.05.28"]
[Round "1.3"]
[Board "7"]
[White "De Seroux, Camille"]
[Black "Leconte, Maria"]
[Result "1-0"]
[WhiteTitle "WFM"]
[BlackTitle "WGM"]
[WhiteElo "2085"]
[BlackElo "2217"]
[WhiteTeam "L'Echiquier Chalonnais, CHALONS-EN-CHAMPAGNE"]
[BlackTeam "Les Tours de Haute Picardie, SAINT QUENTIN"]
[WhiteFideId "1305620"]
[BlackFideId "618446"]
[EventDate "2016.05.28"]

1. e4 e6 2. d4 d5 3. Nd2 Nc6 4. Ngf3 Nf6 5. e5 Nd7 6. Be2 Be7 7. Nf1 O-O 8. Ne3
f6 9. exf6 Nxf6 10. O-O Bd6 11. c4 b6 12. a3 Ne7 13. b4 Ne4 14. Qc2 c6 15. c5
bxc5 16. bxc5 Bc7 17. Ng4 Ng6 18. Bd3 Rxf3 19. gxf3 Qh4 20. Bxe4 dxe4 21. Qxe4
Qh3 22. Bg5 Bf4 23. Qxc6 Bxg5 24. Qxa8 h5 25. Qxc8+ Kh7 26. Qxe6 Qxf3 27. Qxg6+ 1-0

[Event "TCh-FRA Top 12 2016"]
[Site "Drancy FRA"]
[Date "2016.05.28"]
[Round "1.3"]
[Board "8"]
[White "Lazarev, Vladimir"]
[Black "Cauvin, Mickael"]
[Result "1-0"]
[WhiteTitle "GM"]
[WhiteElo "2378"]
[BlackElo "2128"]
[WhiteTeam "Les Tours de Haute Picardie, SAINT QUENTIN"]
[BlackTeam "L'Echiquier Chalonnais, CHALONS-EN-CHAMPAGNE"]
[WhiteFideId "4113250"]
[BlackFideId "614149"]
[EventDate "2016.05.28"]

1. d4 d5 2. c4 e6 3. Nf3 Nd7 4. cxd5 exd5 5. Nc3 c6 6. Qc2 Bd6 7. Bg5 Ngf6 8. e3
O-O 9. Bd3 h6 10. Bh4 Re8 11. Bg3 Nf8 12. Bxd6 Qxd6 13. h3 Re7 14. O-O-O Be6 15.
g4 Ne4 16. Bxe4 dxe4 17. Nd2 Bd5 18. Ndxe4 Qd8 19. Nxd5 cxd5 20. Nc3 Rc8 21. Kb1
Rc4 22. Qb3 a6 23. e4 b5 24. e5 Ne6 25. Ne2 Qb6 26. Qd3 Rec7 27. f4 b4 28. h4 b3
29. axb3 Rb4 30. Rh3 Rb7 31. f5 Nd8 32. Nf4 Nc6 33. Qc3 Qb5 34. e6 fxe6 35. Nxd5
exd5 36. Qf3 Qe2 37. g5 Qb5 1-0

[Event "TCh-FRA Top 12 2016"]
[Site "Drancy FRA"]
[Date "2016.05.28"]
[Round "1.4"]
[Board "1"]
[White "Moussard, Jules"]
[Black "Vachier-Lagrave, Maxime"]
[Result "1/2-1/2"]
[WhiteTitle "IM"]
[BlackTitle "GM"]
[WhiteElo "2506"]
[BlackElo "2788"]
[WhiteTeam "EVRY Grand Roque"]
[BlackTeam "CLICHY Echecs 92"]
[WhiteFideId "642908"]
[BlackFideId "623539"]
[EventDate "2016.05.28"]

1. Nf3 c5 2. g3 g6 3. Bg2 Bg7 4. c4 Nc6 5. O-O e6 6. Nc3 Nge7 7. e3 O-O 8. d4 d6
9. b3 cxd4 10. Nxd4 Nxd4 11. exd4 Nf5 12. Ne2 Rb8 13. a4 b6 14. Ra2 Re8 15. d5
Bb7 16. Bb2 Bxb2 17. Rxb2 Qf6 18. Rd2 exd5 19. Bxd5 Bxd5 20. Rxd5 Re4 21. Rd3
Rbe8 22. Nc3 Rd4 23. Nb5 Rxd3 24. Qxd3 Re7 25. Rd1 1/2-1/2

[Event "TCh-FRA Top 12 2016"]
[Site "Drancy FRA"]
[Date "2016.05.28"]
[Round "1.4"]
[Board "2"]
[White "Fressinet, Laurent"]
[Black "Bergez, Luc"]
[Result "1/2-1/2"]
[WhiteTitle "GM"]
[BlackTitle "IM"]
[WhiteElo "2692"]
[BlackElo "2342"]
[WhiteTeam "CLICHY Echecs 92"]
[BlackTeam "EVRY Grand Roque"]
[WhiteFideId "608742"]
[BlackFideId "606600"]
[EventDate "2016.05.28"]

1. d4 Nf6 2. Nf3 g6 3. g3 Bg7 4. Bg2 O-O 5. c4 d6 6. O-O c5 7. dxc5 dxc5 8. Ne5
Nfd7 9. Nd3 Nc6 10. Nc3 Nce5 11. Nxe5 Nxe5 12. Bg5 Be6 13. Nd5 Bxd5 14. cxd5 Qd6
15. Qc2 b5 16. Rad1 a5 17. Bc1 a4 18. Kh1 f5 19. e4 fxe4 20. Qxe4 c4 21. Bg5 a3
22. bxa3 Ra7 23. Bf4 Qf6 24. Qb1 Rxa3 25. Qxb5 Qa6 26. Qxa6 Rxa6 27. d6 Rxd6 28.
Rxd6 exd6 29. a4 c3 30. Bd5+ Kh8 31. a5 Nd3 32. Be3 Nb4 33. Bb7 Nc2 34. Bb6 Bd4
35. Bxd4+ Nxd4 36. a6 Ne2 37. Be4 d5 38. Bxd5 c2 39. a7 c1=Q 40. Rxc1 Nxc1 41.
a8=Q Rxa8 42. Bxa8 Nd3 43. Kg2 Kg7 44. Be4 Nc5 45. Kf3 Kf6 46. Ke3 h6 47. Kd4
Ne6+ 48. Kd5 g5 49. Bf3 Nc7+ 50. Kd6 Ne6 51. Bg4 Nf8 52. Be2 Ng6 53. Kd7 Ne5+
54. Ke8 Ng6 55. h3 Kg7 56. Bd3 Ne5 57. Be4 Kf6 58. Kf8 h5 59. Ke8 h4 60. Kd8
hxg3 61. fxg3 g4 62. h4 Nf3 63. Kd7 Nxh4 64. gxh4 g3 65. Kd6 g2 66. Bxg2 Kg7 67.
h5 Kh8 68. h6 Kh7 69. Be4+ 1/2-1/2

[Event "TCh-FRA Top 12 2016"]
[Site "Drancy FRA"]
[Date "2016.05.28"]
[Round "1.4"]
[Board "3"]
[White "Milliet, Sophie"]
[Black "Hammer, Jon Ludvig"]
[Result "1/2-1/2"]
[WhiteTitle "IM"]
[BlackTitle "GM"]
[WhiteElo "2346"]
[BlackElo "2689"]
[WhiteTeam "EVRY Grand Roque"]
[BlackTeam "CLICHY Echecs 92"]
[WhiteFideId "623725"]
[BlackFideId "1503707"]
[EventDate "2016.05.28"]

1. e4 e5 2. Nf3 Nc6 3. Bc4 Nf6 4. d3 Bc5 5. O-O O-O 6. c3 d5 7. exd5 Nxd5 8. a4
Nb6 9. Bb5 Ne7 10. a5 c6 11. axb6 cxb5 12. Rxa7 Rxa7 13. bxa7 Bxa7 14. Nxe5 Bf5
15. Be3 Bb8 16. d4 Ng6 17. Nxg6 hxg6 18. Nd2 Qd6 19. g3 Qd5 20. Re1 Re8 21. Bf4
Rxe1+ 22. Qxe1 Bxf4 23. gxf4 b4 24. Qe5 Qa2 25. Qd6 Kh7 26. Qxb4 Qa1+ 27. Kg2
Qd1 28. Qe7 Qg4+ 29. Kh1 Be6 30. Qg5 Qd1+ 31. Kg2 f6 32. Qh4+ Kg8 33. Nf3 Bd5
34. Qg4 f5 35. Qg3 Kf7 36. h4 Ke7 37. h5 Kd7 38. hxg6 Be4 39. Qh3 Kc7 40. Qh5
Kb6 41. Kg3 Ka5 42. c4 Kb4 43. d5 Kc5 44. b4+ Kd6 45. Kg2 b5 46. cxb5 Bxd5 47.
Kg3 Kc7 48. Kg2 Be4 49. Kg3 Kb6 50. Kg2 Kxb5 51. Kg3 Kxb4 52. Kg2 Kc3 53. Kg3
Kb2 54. Kg2 Ka3 55. Kg3 Ka4 56. Kg2 Ka5 57. Kg3 Ka6 58. Kg2 Ka7 59. Kg3 Kb7 60.
Kg2 Kc7 61. Kg3 Kd6 62. Kg2 Kc5 63. Kg3 Kb4 64. Kg2 Kb3 65. Kg3 Kc2 66. Kg2 Kb2
67. Kg3 Ka3 68. Kg2 Ka2 69. Kg3 Ka1 70. Kg2 Kb1 71. Kg3 Kc2 72. Kg2 Kd3 73. Kg3
Qf1 74. Ne5+ Kd2 75. Qh2 Qe1 76. Kh3 Qf1+ 77. Kg3 Qe1 1/2-1/2

[Event "TCh-FRA Top 12 2016"]
[Site "Drancy FRA"]
[Date "2016.05.28"]
[Round "1.4"]
[Board "4"]
[White "Tregubov, Pavel V."]
[Black "Leroy, Didier"]
[Result "1-0"]
[WhiteTitle "GM"]
[BlackTitle "IM"]
[WhiteElo "2593"]
[BlackElo "2289"]
[WhiteTeam "CLICHY Echecs 92"]
[BlackTeam "EVRY Grand Roque"]
[WhiteFideId "4115341"]
[BlackFideId "610950"]
[EventDate "2016.05.28"]

1. d4 Nf6 2. c4 e6 3. Nf3 c5 4. d5 exd5 5. cxd5 Bd6 6. Bg5 h6 7. Bh4 O-O 8. e3
Re8 9. Bc4 Bf8 10. d6 b5 11. Bd5 Qa5+ 12. Nc3 Nxd5 13. Qxd5 b4 14. Ne4 Nc6 15.
O-O c4 16. Nc5 Rb8 17. Qxc4 Bxd6 18. Rfc1 Ne5 19. Nxe5 Bxe5 20. Bg3 d6 21. Bxe5
Rxe5 22. Nb3 Qb6 23. Qc7 Be6 24. h3 a5 25. Qxb6 Rxb6 26. Nd4 Rc5 27. Nxe6 fxe6
28. Rxc5 dxc5 29. Rc1 Rb5 30. Kf1 Kf7 31. Ke2 Ke7 32. Kd3 Kd6 33. Kc4 Rb8 34.
Rd1+ Kc6 35. f4 Rf8 36. h4 g5 37. fxg5 hxg5 38. h5 a4 39. h6 Rh8 40. Rh1 Rh7 41.
Rh5 Kd6 42. g4 e5 43. e4 1-0

[Event "TCh-FRA Top 12 2016"]
[Site "Drancy FRA"]
[Date "2016.05.28"]
[Round "1.4"]
[Board "5"]
[White "Justo, Damian"]
[Black "Hamdouchi, Hicham"]
[Result "0-1"]
[WhiteTitle "FM"]
[BlackTitle "GM"]
[WhiteElo "2325"]
[BlackElo "2585"]
[WhiteTeam "EVRY Grand Roque"]
[BlackTeam "CLICHY Echecs 92"]
[WhiteFideId "101168"]
[BlackFideId "9000011"]
[EventDate "2016.05.28"]

1. d4 Nf6 2. c4 c5 3. d5 e6 4. Nc3 exd5 5. cxd5 d6 6. Nf3 g6 7. g3 Bg7 8. Bg2
O-O 9. O-O Re8 10. Nd2 a6 11. a4 Nbd7 12. h3 b6 13. Nc4 Ne5 14. Na3 Nh5 15. e4
b5 16. axb5 axb5 17. Ncxb5 Ba6 18. Nc3 Nd3 19. Qd2 Qb6 20. Nc2 Nxb2 21. Rb1 Bxf1
22. Bxb2 Bxg2 23. Kxg2 Rab8 24. Ne3 Qb4 25. Ned1 Qc4 26. Rc1 Qd4 27. Qc2 Qb4 28.
Ba1 Nf6 29. Ne3 Qa5 30. e5 dxe5 31. Na4 Qa8 32. Rd1 Bh6 33. Ng4 Nxg4 34. hxg4
Red8 35. Nc3 Bg7 36. Kh3 Rb4 37. Ne4 Rxd5 0-1

[Event "TCh-FRA Top 12 2016"]
[Site "Drancy FRA"]
[Date "2016.05.28"]
[Round "1.4"]
[Board "6"]
[White "Delorme, Axel"]
[Black "Bernard, Jacques"]
[Result "1-0"]
[WhiteTitle "IM"]
[WhiteElo "2502"]
[BlackElo "2164"]
[WhiteTeam "CLICHY Echecs 92"]
[BlackTeam "EVRY Grand Roque"]
[WhiteFideId "632023"]
[BlackFideId "616176"]
[EventDate "2016.05.28"]

1. d4 f5 2. Nf3 Nf6 3. Bg5 e6 4. Nbd2 d5 5. e3 Be7 6. c4 c6 7. h3 Ne4 8. Bxe7
Qxe7 9. Bd3 O-O 10. Qe2 a5 11. g4 Nxd2 12. Qxd2 dxc4 13. Bxc4 b5 14. Be2 c5 15.
gxf5 Bb7 16. Rg1 Rxf5 17. Ne5 Nd7 18. Nxd7 Qxd7 19. Bd3 Rf7 20. dxc5 Qc7 21. Qc2
Qh2 22. O-O-O Qxf2 23. Bxh7+ Kh8 24. Qxf2 Rxf2 25. Rd7 Bg2 26. Rd2 Rxd2 27. Kxd2
Bxh3 28. Bd3 1-0

[Event "TCh-FRA Top 12 2016"]
[Site "Drancy FRA"]
[Date "2016.05.28"]
[Round "1.4"]
[Board "7"]
[White "Manouck, Thierry"]
[Black "Barbot, Pierre1"]
[Result "0-1"]
[WhiteTitle "IM"]
[BlackTitle "IM"]
[WhiteElo "2211"]
[BlackElo "2429"]
[WhiteTeam "EVRY Grand Roque"]
[BlackTeam "CLICHY Echecs 92"]
[WhiteFideId "600873"]
[BlackFideId "663727"]
[EventDate "2016.05.28"]

1. c4 e5 2. g3 Nf6 3. Bg2 d5 4. cxd5 Nxd5 5. Nf3 Nc6 6. O-O Nb6 7. b3 Bd6 8. Bb2
O-O 9. d3 Re8 10. Nbd2 Bg4 11. h3 Bh5 12. a3 a5 13. Qc2 Qd7 14. g4 Bg6 15. Nh4
Rab8 16. e3 Ne7 17. Ne4 f5 18. gxf5 Bxf5 19. Kh2 Be6 20. Rg1 Kh8 21. Bh1 Nf5 22.
Nxf5 Bxf5 23. Rg3 Rf8 24. Rag1 Bg6 25. Bf3 Nd5 26. h4 Nf6 27. Rg5 Nxe4 28. Bxe4
Bxe4 29. dxe4 Qe7 30. R1g3 Rf7 31. Kg2 Rbf8 32. f4 h6 33. Rg6 Kh7 34. h5 Rg8 35.
R3g4 Rf6 36. Qc4 Rxg6 37. hxg6+ Kh8 38. Kh3 Re8 39. Qf7 Qe6 40. Qxe6 Rxe6 41. f5
Re8 42. Kg2 Kg8 43. Kf3 Kf8 44. Rg1 Ke7 45. a4 Ra8 46. Bc3 b6 47. Rh1 Rd8 48.
Be1 Kf8 49. Bh4 Be7 50. Bg3 Bf6 51. Ke2 Ke7 52. Rc1 c5 53. Rh1 Rd6 54. Be1 Kd7
55. Bc3 Kc6 56. Rc1 Rd8 57. Ra1 h5 58. Rd1 Rxd1 59. Kxd1 b5 60. Ke2 b4 61. Be1
c4 62. bxc4 Kc5 63. Kd3 h4 64. Bf2 Bd8 65. Bg1 h3 66. Bh2 Bf6 67. Bg3 Be7 68.
Bxe5 Bd6 69. Bxd6+ Kxd6 70. f6 h2 71. fxg7 h1=Q 72. c5+ 0-1

[Event "TCh-FRA Top 12 2016"]
[Site "Drancy FRA"]
[Date "2016.05.28"]
[Round "1.4"]
[Board "8"]
[White "Skripchenko, Almira"]
[Black "Ben Khelifa, Noomene"]
[Result "1-0"]
[WhiteTitle "IM"]
[WhiteElo "2453"]
[BlackElo "2066"]
[WhiteTeam "CLICHY Echecs 92"]
[BlackTeam "EVRY Grand Roque"]
[WhiteFideId "13900145"]
[BlackFideId "641995"]
[EventDate "2016.05.28"]

1. e4 c5 2. Nf3 d6 3. c3 Nf6 4. h3 e6 5. Bd3 Be7 6. Bc2 Nc6 7. d4 cxd4 8. cxd4
Bd7 9. Nc3 Rc8 10. O-O Nb4 11. Bb1 Bc6 12. a3 Qa5 13. Bd2 d5 14. e5 Ne4 15. Bxe4
dxe4 16. axb4 Qd8 17. Ne1 Qxd4 18. b5 Bd5 19. Nxd5 exd5 20. Bc3 Qc5 21. Nc2 O-O
22. Nd4 g6 23. Qg4 h5 24. Qf4 Kh7 25. Kh1 Qb6 26. Rfd1 Rc4 27. f3 f5 28. Ba5 Qc5
29. Ne6 Qxb5 30. Nxf8+ Bxf8 31. fxe4 Rxe4 32. Qc1 d4 33. Qc7+ Bg7 34. e6 b6 35.
Qd7 Qe5 36. Bb4 1-0

[Event "TCh-FRA Top 12 2016"]
[Site "Drancy FRA"]
[Date "2016.05.28"]
[Round "1.5"]
[Board "1"]
[White "Kogan, Arthur"]
[Black "Fier, Alexandr"]
[Result "1/2-1/2"]
[WhiteTitle "GM"]
[BlackTitle "GM"]
[WhiteElo "2528"]
[BlackElo "2624"]
[WhiteTeam "Cavalier Bleu DRANCY"]
[BlackTeam "Echecs Club MONTPELLIER"]
[WhiteFideId "2800802"]
[BlackFideId "2107139"]
[EventDate "2016.05.28"]

1. e4 c5 2. Nc3 a6 3. Nf3 d6 4. d4 cxd4 5. Nxd4 Nf6 6. a4 Nc6 7. Be2 e6 8. O-O
Be7 9. Be3 O-O 10. f4 Qc7 11. Bf3 Na5 12. Qe2 Nc4 13. e5 dxe5 14. Ndb5 axb5 15.
Nxb5 Qb8 16. Qxc4 Bd7 17. fxe5 Qxe5 18. Bd4 Qb8 19. Qe2 Bc6 20. b3 Bxf3 21. Rxf3
Ra6 22. Rg3 Ne8 23. Rd1 f6 24. Bb2 Qc8 25. Rc3 Qb8 26. Rd7 Rf7 27. Kh1 Bf8 28.
Rcd3 Rxd7 29. Rxd7 Qc8 30. Qd3 Ra8 31. h3 Qc6 32. c4 Bc5 33. Bc3 f5 34. Be5 Bb6
35. Nc3 Qc5 36. Bd4 Qc6 37. Be5 Qc5 38. Bd4 Qc6 1/2-1/2

[Event "TCh-FRA Top 12 2016"]
[Site "Drancy FRA"]
[Date "2016.05.28"]
[Round "1.5"]
[Board "2"]
[White "Mista, Aleksander"]
[Black "Komarov, Dimitri"]
[Result "1-0"]
[WhiteTitle "GM"]
[BlackTitle "GM"]
[WhiteElo "2593"]
[BlackElo "2506"]
[WhiteTeam "Echecs Club MONTPELLIER"]
[BlackTeam "Cavalier Bleu DRANCY"]
[WhiteFideId "1110381"]
[BlackFideId "14101270"]
[EventDate "2016.05.28"]

1. e4 e6 2. d4 d5 3. Nd2 c5 4. exd5 Qxd5 5. Ngf3 cxd4 6. Bc4 Qd6 7. O-O Nf6 8.
Nb3 Nc6 9. Nbxd4 Nxd4 10. Nxd4 a6 11. Re1 Qc7 12. Bf1 Be7 13. Qf3 O-O 14. Bf4
Bd6 15. Bxd6 Qxd6 16. Rad1 Qc7 17. c4 Bd7 18. g4 Rfd8 19. g5 Ne8 20. h4 g6 21.
h5 Ng7 22. h6 Nh5 23. Qe3 Be8 24. Bg2 Rd7 25. Nxe6 fxe6 26. Qxe6+ Kf8 27. Rxd7
Qxd7 28. Qe5 Kg8 29. Bf3 Rc8 30. b3 b6 31. Kh2 b5 32. c5 Rd8 33. Rd1 Qc8 34.
Bxh5 Qb8 35. Rd6 Qc7 36. Rxg6+ 1-0

[Event "TCh-FRA Top 12 2016"]
[Site "Drancy FRA"]
[Date "2016.05.28"]
[Round "1.5"]
[Board "3"]
[White "Chabanon, Jean-Luc"]
[Black "Flear, Glenn C"]
[Result "1/2-1/2"]
[WhiteTitle "GM"]
[BlackTitle "GM"]
[WhiteElo "2452"]
[BlackElo "2452"]
[WhiteTeam "Cavalier Bleu DRANCY"]
[BlackTeam "Echecs Club MONTPELLIER"]
[WhiteFideId "600075"]
[BlackFideId "400165"]
[EventDate "2016.05.28"]

1. Nf3 d5 2. d4 Nf6 3. c4 c6 4. e3 Bg4 5. Nc3 e6 6. Qb3 Qb6 7. Nh4 Nbd7 8. h3
Bh5 9. g4 Bg6 10. Nxg6 hxg6 11. Bg2 Qa6 12. cxd5 Nxd5 13. e4 Nb4 14. Bf1 Nd3+
15. Bxd3 Qxd3 16. Be3 Nb6 17. Rd1 Qc4 18. Qc2 O-O-O 19. b3 Qa6 20. Ne2 Be7 21.
Kf1 Kb8 22. Kg2 Ka8 23. a4 g5 24. Ra1 Nd7 25. b4 Bxb4 26. Bxg5 Rc8 27. Rab1 c5
28. dxc5 Bxc5 29. Qb2 Nb6 30. Ra1 f6 31. Bf4 e5 32. Bc1 Qd3 33. Qd2 Qxe4+ 34. f3
Qc6 35. a5 Nd5 36. Qc2 Ne3+ 37. Bxe3 Bxe3 38. Qxc6 Rxc6 39. Ra3 Bc5 40. Ra2 a6
41. h4 Rhc8 42. Rd1 Bb4 43. Ra4 Rc2 44. Rxb4 Rxe2+ 45. Kg3 Rcc2 46. Rg1 Rc3 47.
Rf1 e4 48. Kf4 exf3 49. Kf5 f2 50. Rf4 Rh3 51. R1xf2 Re5+ 52. Kg6 Rxh4 53. Kxg7
Rg5+ 54. Kxf6 Rhxg4 55. Rxg4 Rxg4 56. Ke6 Rd4 57. Rf8+ Ka7 58. Rf5 Kb8 59. Rd5
Rc4 60. Kd6 b5 61. axb6 Kb7 62. Rc5 Rd4+ 63. Rd5 Rc4 64. Rc5 Rh4 65. Rc1 Rh6+
66. Kd5 Rxb6 67. Kd4 a5 68. Kc3 Ka6 69. Kc2 1/2-1/2

[Event "TCh-FRA Top 12 2016"]
[Site "Drancy FRA"]
[Date "2016.05.28"]
[Round "1.5"]
[Board "4"]
[White "Libiszewski, Fabien"]
[Black "Petkov, Vladimir"]
[Result "1/2-1/2"]
[WhiteTitle "GM"]
[BlackTitle "GM"]
[WhiteElo "2533"]
[BlackElo "2493"]
[WhiteTeam "Echecs Club MONTPELLIER"]
[BlackTeam "Cavalier Bleu DRANCY"]
[WhiteFideId "616834"]
[BlackFideId "2901188"]
[EventDate "2016.05.28"]

1. e4 e5 2. Nf3 Nc6 3. Bb5 a6 4. Ba4 Nf6 5. O-O Be7 6. d3 d6 7. c3 O-O 8. Re1
Re8 9. Nbd2 Bf8 10. Nf1 h6 11. Ng3 g6 12. h3 Bg7 13. d4 b5 14. Bc2 Bb7 15. a3
Re7 16. Bd2 Qf8 17. d5 Nb8 18. b3 Nbd7 19. a4 c6 20. axb5 axb5 21. c4 bxc4 22.
bxc4 Nc5 23. Bb4 cxd5 24. cxd5 Rc7 25. Ba5 Rcc8 26. Nd2 Nfd7 27. Re3 Bf6 28.
Rea3 Bd8 29. Bxd8 Rxa3 30. Rxa3 Qxd8 31. Ngf1 Nf6 32. Ne3 Kg7 33. Qa1 Rc7 34.
Qb1 Rc8 35. Qa1 Nh5 1/2-1/2

[Event "TCh-FRA Top 12 2016"]
[Site "Drancy FRA"]
[Date "2016.05.28"]
[Round "1.5"]
[Board "5"]
[White "Todorov, Todor"]
[Black "Smith, Axel"]
[Result "1/2-1/2"]
[WhiteTitle "GM"]
[BlackTitle "GM"]
[WhiteElo "2494"]
[BlackElo "2499"]
[WhiteTeam "Cavalier Bleu DRANCY"]
[BlackTeam "Echecs Club MONTPELLIER"]
[WhiteFideId "2903237"]
[BlackFideId "1707930"]
[EventDate "2016.05.28"]

1. e4 e5 2. Nf3 Nc6 3. Bc4 Nf6 4. d3 Bc5 5. O-O O-O 6. c3 d5 7. exd5 Nxd5 8. b4
Be7 9. Re1 Bg4 10. h3 Bh5 11. b5 Na5 12. Rxe5 Nf6 13. Nbd2 Bd6 14. Re1 Qd7 15.
a4 Bf4 16. Nb3 Nxc4 17. dxc4 Qxd1 18. Rxd1 Bxc1 19. Raxc1 Bxf3 20. gxf3 Rfe8 21.
Nc5 Rab8 22. Re1 Kf8 23. Rxe8+ Kxe8 24. Re1+ Kf8 25. Kf1 c6 26. a5 cxb5 27. cxb5
b6 28. axb6 axb6 29. Na4 Ra8 30. Nxb6 Rb8 31. Nc4 Rxb5 32. Ne5 Rc5 33. c4 g5 34.
f4 gxf4 35. Kg2 Rc7 36. Kf3 Nd7 37. Nxd7+ Rxd7 38. Kxf4 Rd2 39. f3 Rc2 40. Re4
Rc3 41. h4 Kg7 42. Ke5 Rxf3 43. c5 Kf8 44. Kd6 f5 45. Re5 f4 46. c6 Rd3+ 47. Ke6
Rc3 48. Kd7 Rd3+ 49. Kc8 f3 50. c7 Kg7 51. Rf5 Rb3 52. Rf4 Rd3 53. h5 Rc3 54.
Rf5 Rd3 55. h6+ Kxh6 56. Rf8 Kg5 57. Kb7 Rb3+ 58. Kc6 Rc3+ 59. Kd6 Kg4 60. c8=Q+
Rxc8 61. Rxc8 f2 62. Rf8 Kg3 63. Ke5 Kg2 64. Rxf2+ Kxf2 65. Kf4 Ke2 66. Kg5 Kd1
67. Kh6 Kc1 68. Kxh7 1/2-1/2

[Event "TCh-FRA Top 12 2016"]
[Site "Drancy FRA"]
[Date "2016.05.28"]
[Round "1.5"]
[Board "6"]
[White "Brochet, Philippe"]
[Black "Karr, Jean-Philippe"]
[Result "1-0"]
[WhiteTitle "IM"]
[BlackTitle "IM"]
[WhiteElo "2379"]
[BlackElo "2366"]
[WhiteTeam "Echecs Club MONTPELLIER"]
[BlackTeam "Cavalier Bleu DRANCY"]
[WhiteFideId "602469"]
[BlackFideId "612227"]
[EventDate "2016.05.28"]

1. e4 c5 2. Nf3 Nc6 3. Bb5 Nf6 4. Nc3 g6 5. h3 Bg7 6. e5 Ng8 7. O-O Nh6 8. d3
Nf5 9. Bf4 O-O 10. Bxc6 dxc6 11. Ne4 b6 12. Re1 Ba6 13. a3 Nd4 14. b4 c4 15.
dxc4 Nxf3+ 16. Qxf3 Bxc4 17. Rad1 Qc8 18. Bg5 Qc7 19. Qf4 Bxe5 20. Qh4 f6 21.
Bh6 Bf7 22. f4 Bb2 23. Bxf8 Rxf8 24. a4 c5 25. bxc5 bxc5 26. c3 c4 27. Qf2 Ba3
28. Ra1 Bd6 29. Nxd6 exd6 30. Qd4 Kg7 31. Rab1 d5 32. Rb5 Rd8 33. Reb1 Rd7 34.
a5 Re7 35. a6 Re4 36. Rb7 1-0

[Event "TCh-FRA Top 12 2016"]
[Site "Drancy FRA"]
[Date "2016.05.28"]
[Round "1.5"]
[Board "7"]
[White "Bijaoui, Manuel"]
[Black "Touzane, Olivier"]
[Result "1-0"]
[WhiteTitle "IM"]
[BlackTitle "IM"]
[WhiteElo "2406"]
[BlackElo "2308"]
[WhiteTeam "Cavalier Bleu DRANCY"]
[BlackTeam "Echecs Club MONTPELLIER"]
[WhiteFideId "626783"]
[BlackFideId "602906"]
[EventDate "2016.05.28"]

1. e4 e6 2. d4 d5 3. Nd2 c5 4. exd5 Qxd5 5. Ngf3 cxd4 6. Bc4 Qd7 7. Nb3 Nc6 8.
Nbxd4 Nxd4 9. Nxd4 a6 10. O-O Nf6 11. Re1 b5 12. Bb3 Bb7 13. Bf4 Rd8 14. Be5 Be7
15. Qe2 Bd5 16. Bxd5 Qxd5 17. Nf5 Kf8 18. Rad1 Qa8 19. Nxe7 Kxe7 20. Qe3 Rxd1
21. Qc5+ Ke8 22. Rxd1 Nd5 23. Qd6 Qc8 24. Bxg7 Rg8 25. Bh6 f5 26. h4 Kf7 27. Bg5
Qb7 28. Rxd5 Rxg5 29. Qd7+ Qxd7 30. Rxd7+ Ke8 31. hxg5 Kxd7 32. f4 e5 33. Kf2
Ke6 34. Ke3 a5 35. c3 a4 36. b3 axb3 37. axb3 Kd5 38. fxe5 Kxe5 39. g3 Kd6 40.
Kf4 Ke6 41. c4 b4 42. Ke3 Ke5 43. Kd3 f4 44. gxf4+ Kxf4 45. c5 1-0